000 00453nam a2200169Ia 4500
005 20241107101507.0
008 240126s9999 xx 000 0 und d
020 _a9781408066638
082 _a394.2 SHO;1 R
100 _aShone, Anton. Parry, Bryn.
245 0 _aSuccessful event management : a practical handbook
250 _a4th ed.
260 _bCengage Learning
_aAustralia
_c2013
300 _axviii, 334
440 _aNULL
942 _cPU
999 _c287075
_d287075